Bridging the Thames divide (Record no. 63614)

MARC details
000 -LEADER
fixed length control field 00571cam a2200181 4500
001 - CONTROL NUMBER
control field ABS62291
008 - FIXED-LENGTH DATA ELEMENTS--GENERAL INFORMATION
fixed length control field 000000n2000 000 0 eng u
035 ## - SYSTEM CONTROL NUMBER
System control number (Sirsi) u106187
100 ## - MAIN ENTRY--PERSONAL NAME
Personal name Bennett, D.
245 ## - TITLE STATEMENT
Title Bridging the Thames divide
260 ## - PUBLICATION, DISTRIBUTION, ETC.
Date of publication, distribution, etc. 2000
490 ## - SERIES STATEMENT
Series statement Contract Journal
Volume/sequential designation 403(6275) 4 May 2000, 18-21(3)
520 ## - SUMMARY, ETC.
Summary, etc. Examines the project to build the pedestrian Millennium Bridge spanning the Thames between St Pauls and Bankside.
590 ## - LOCAL NOTE (RLIN)
Local note ABS
650 0# - SUBJECT ADDED ENTRY--TOPICAL TERM
Topical term or geographic name entry element MILLENNIUM BRIDGE
690 ## - LOCAL SUBJECT ADDED ENTRY--TOPICAL TERM (OCLC, RLIN)
Topical term or geographic name as entry element BUILDING AND CONSTRUCTION-PROJECTS
942 ## - ADDED ENTRY ELEMENTS (KOHA)
Suppress in OPAC 0
Holdings
Withdrawn status Lost status Source of classification or shelving scheme Damaged status Not for loan Home library Current library Shelving location Date acquired Total Checkouts Full call number Barcode Date last seen Copy number Price effective from Koha item type
    Dewey Decimal Classification     London London Journal article 31/05/2000   ABS62291 106187-1001 06/08/2019 1 06/08/2019 Journal article